000 01465nam a2200325 a 4500
001 BRCA_3334
005 20190320204229.0
008 250309s1885----enk#---###---#000-0#eng-#
041 _aeng
044 _aenk
084 _a628
_b.R68
_c1885
100 1 _aCervantes Saavedra, Miguel de
_d1547-1616
_9213
245 1 0 _aEl Ingenioso Hidalgo Don Quixote de la Mancha
_cComposed by Miguel de Cervantes Saavedra.
260 _aLondres
_bGeorge Routledge and Sons
_c1885
300 _a2 v.
_c19 cm.
440 0 _aMorley´s Universal Library
_v25 y 26
_98810
500 _aContenido : v.1. Primera parte. Introducción de H. Morley. Versos preliminares. Prólogo de Cervantes (1605). -- v.2. Segunda parte. Prólogo de Cervantes (1615)
500 _aEdición : With an Introduction by Henry Morley
500 _aEdición económica de la traducción de Jarvis, con una introducción en la que H. Morley esbosa una biografía de Cervantes, sin aportar datos de importancia. Tela; planos adornados Lúdovik Osterc
500 _aQM970
546 _aTexto en : inglés
650 1 4 _aNovela española
_yÉpoca clásica, 1500-1700
_9215
650 1 4 _aLiteratura española
_yÉpoca clásica, 1500-1700
_9216
650 1 4 _aNovela española
_ySiglo XVII
_9217
650 1 4 _aDon Quijote (Personaje ficticio)
_eNovela
_9218
700 1 _aMorley, Henry
_d1822-1894
_eEditor
_98811
740 0 _aEl Ingenioso Hidalgo Don Quijote de la Mancha
902 _aQFM
942 _2lcc
_cB
999 _c3070
_d3070